| 000 | 01345nam a2200373 a 4500 | ||
|---|---|---|---|
| 001 | ebr10300139 | ||
| 003 | CaPaEBR | ||
| 006 | m u | ||
| 007 | cr cn||||||||| | ||
| 008 | 080925s2009 enk sb 001 0 eng | ||
| 010 | _z 2008042119 | ||
| 015 |
_aGBA8C5809 _2bnb |
||
| 016 | 7 |
_z014793692 _2Uk |
|
| 020 | _z9780199232789 | ||
| 020 | _z0199232784 | ||
| 040 |
_aCaPaEBR _cCaPaEBR |
||
| 035 | _a(OCoLC)428732515 | ||
| 050 | 1 | 4 |
_aBC199.P7 _bJ83 2009eb |
| 082 | 0 | 4 |
_a123 _222 |
| 082 | 0 | 4 | _a111 |
| 100 | 1 | _aJubien, Michael. | |
| 245 | 1 | 0 |
_aPossibility _h[electronic resource] / _cMichael Jubien. |
| 260 |
_aOxford : _bClarendon Press ; _aOxford ; _aNew York : _bOxford University Press, _c2009. |
||
| 300 | _axv, 211 p. | ||
| 504 | _aIncludes bibliographical references (p. [199]-202) and index. | ||
| 504 | _aIncludes bibliographical references and index. | ||
| 533 |
_aElectronic reproduction. _bPalo Alto, Calif. : _cebrary, _d2013. _nAvailable via World Wide Web. _nAccess may be limited to ebrary affiliated libraries. |
||
| 650 | 0 | _aPossibility. | |
| 650 | 0 | _aMetaphysics. | |
| 650 | 0 | _aNecessity (Philosophy) | |
| 655 | 7 |
_aElectronic books. _2local |
|
| 710 | 2 | _aebrary, Inc. | |
| 856 | 4 | 0 |
_uhttp://site.ebrary.com/lib/rucke/Doc?id=10300139 _zAn electronic book accessible through the World Wide Web; click to view |
| 999 |
_c170084 _d170084 |
||